| 000 | 00461nam a22001817a 4500 | ||
|---|---|---|---|
| 003 | OSt | ||
| 005 | 20140310182138.0 | ||
| 008 | 130829t xxu||||| |||| 00| 0 eng d | ||
| 020 | _a9780716021001 | ||
| 050 |
_aGV 1446 _bP961 |
||
| 082 |
_aHS 794.1 _bP93 1998 |
||
| 100 |
_aPritchard D. B. _915118 |
||
| 245 |
_aBegin Chess _cD.B. Pritchard. |
||
| 260 |
_aright way, _cc 1998. |
||
| 300 |
_a153 p. : _bill. ; _c20 cm. |
||
| 942 |
_2lcc _cHS |
||
| 999 |
_c9809 _d9809 |
||